| 000 | 00544nam a2200217Ia 4500 | ||
|---|---|---|---|
| 003 | 0100 | ||
| 008 | 130303s9999 xx 000 0 und d | ||
| 040 | _cARRUPELIB | ||
| 050 | _aB2766.E6.E52 | ||
| 100 | _aKant, Immanuel | ||
| 245 | 4 | _aThe metaphysical principles of virtue | |
| 245 | _bPart II of The Metaphysics of morals | ||
| 260 | _aIndianapolis | ||
| 260 | _bThe Bobbs-Merrill Co. | ||
| 260 | _C1964 | ||
| 300 | _alxiii | ||
| 300 | _b 174p. 20cm. | ||
| 650 | _aPHILOSOPHY | ||
| 700 | _aEllington, James (tr.) | ||
| 942 | 0 | 0 | _01 |
| 999 |
_c41469 _d41469 |
||